Shule ya wanyama / (Record no. 14349)
[ view plain ]
| 000 -LEADER | |
|---|---|
| fixed length control field | 00495cam a22001812 4500 |
| 001 - CONTROL NUMBER | |
| control field | 0000008323 |
| 005 - DATE AND TIME OF LATEST TRANSACTION | |
| control field | 20151217160115.0 |
| 008 - FIXED-LENGTH DATA ELEMENTS--GENERAL INFORMATION | |
| fixed length control field | 080305s xx 000 0 eng d |
| 020 ## - INTERNATIONAL STANDARD BOOK NUMBER | |
| International Standard Book Number | 9966466150 : |
| Terms of availability | KES 155 |
| 040 ## - CATALOGING SOURCE | |
| Original cataloging agency | KABU |
| Transcribing agency | KABU |
| 100 1# - MAIN ENTRY--PERSONAL NAME | |
| Personal name | Chibudu, S. N. |
| -- | 0000158895 |
| 245 10 - TITLE STATEMENT | |
| Title | Shule ya wanyama / |
| Statement of responsibility, etc. | S. N. Chibudu. |
| 260 ## - PUBLICATION, DISTRIBUTION, ETC. (IMPRINT) | |
| Place of publication, distribution, etc. | Nairobi : |
| Name of publisher, distributor, etc. | E. A. E. P., |
| Date of publication, distribution, etc. | 1979. |
| 300 ## - PHYSICAL DESCRIPTION | |
| Extent | 52 p. |
| 908 ## - PUT COMMAND PARAMETER (RLIN) | |
| Put command parameter | 080305 |
| 950 ## - LOCAL HOLDINGS (RLIN) | |
| -- | 1 |
| Withdrawn status | Lost status | Source of classification or shelving scheme | Not for loan | Home library | Current library | Date acquired | Total Checkouts | Total Renewals | Full call number | Barcode | Date last seen | Date last checked out | Price effective from | Koha item type |
|---|---|---|---|---|---|---|---|---|---|---|---|---|---|---|
| Library of Congress Classification | Kabarak, Main Campus | Kabarak, Main Campus | 17/12/2015 | 4 | 1 | PZ90 .S94C4S58 | 011622 | 30/03/2021 | 28/01/2021 | 17/12/2015 | Children Collection |